Statistiken für Ergebnisdiagramm der Fußball-Weltmeisterschaft 1982

Klicken Sie hier um das Quiz zu spielen!

Allgemein

  • Dieses Quiz wurde 54 mal gespielt
  • Das Durchschnittsergebnis liegt bei 20 aus 24

Antwortstatistiken

Nation % Korrekt
Brasilien
100%
BR Deutschland
100%
Chile
97%
Frankreich
97%
Italien
97%
Argentinien
97%
Österreich
94%
Belgien
94%
Spanien
94%
England
92%
Polen
92%
Algerien
89%
Sowjetunion
89%
Kamerun
89%
Jugoslawien
83%
Schottland
78%
Nordirland
72%
Ungarn
72%
El Salvador
67%
Peru
58%
Kuwait
56%
Honduras
56%
Tschechoslowakei
56%
Neuseeland
33%

Verteilung der Resultate

Perzentil nach korrekt beantworteten Fragen

Anzahl Personen mit jedem Resultat

Ihre Resultats-Entwicklung

Sie haben dieses Quiz noch nicht gespielt